Statistics for Most Popular Languages In Eurovision

Click here to take the quiz!

General Stats

  • This quiz has been taken 194 times
  • The average score is 12 of 14

Answer Stats

Times UsedLanguage% Correct
660English
100%
171French
99%
60Spanish
99%
98German
98%
63Italian
95%
36Swedish
92%
51Portuguese
87%
57Dutch
84%
46Greek
83%
34Finnish
79%
35Norwegian
77%
29Turkish
74%
37Hebrew
64%
32Croatian
49%

Score Distribution

Percentile by Number Answered

Percent of People with Each Score

Your Score History

You have not taken this quiz